Don't Type the Vowels II Quiz Stats

 Plays Quiz Updated Mar 13, 2015

Challenge
Share
Tweet
Embed
Score 0/20 Timer 01:00
3 Plays Today
Word No Vowels % Correct
MALFEASANT???
99.7%
CONDOLENCE???
92.1%
ASTEROIDAL???
71.7%
WASSAILING???
69.4%
VULGARISMS???
66.3%
ZEUGLODONT???
63.5%
BLITZKRIEG???
60.2%
ISOCHROOUS???
52.2%
JOUISSANCE???
48.3%
NIGHTHAWKS???
42.9%
Word No Vowels % Correct
OTOLOGICAL???
35%
GRATUITOUS???
31.3%
LEPRECHAUN???
26.5%
RECEIVABLE???
22.6%
TERRICOLAE???
19.4%
XANTHIDIUM???
15.8%
ESPADRILLE???
12.6%
ODIOUSNESS???
10.3%
SCULPTURAL???
8.1%
DEODORIZED???
6%

You're not logged in!

Compare scores with friends on all Sporcle quizzes.
Join for Free
OR
Log In

You Might Also Like...

Show Comments

Extras

Top Quizzes Today


Score Distribution

Your Account Isn't Verified!

In order to create a playlist on Sporcle, you need to verify the email address you used during registration. Go to your Sporcle Settings to finish the process.

Report this User

Report this user for behavior that violates our Community Guidelines.

Details: